| 000 | 01381cam a2200385 a 4500 | ||
|---|---|---|---|
| 001 | data | ||
| 005 | 20260322212108.0 | ||
| 008 | data | ||
| 035 | _a1956654 | ||
| 906 |
_a7 _bcbc _corignew _d2 _encip _f19 _gy-gencatlg |
||
| 010 | _a 87162149 | ||
| 035 | _9(DLC) 87162149 | ||
| 040 |
_aDLC _cDLC _dDLC |
||
| 043 |
_af-sq--- _af-lo--- _af-sq--- |
||
| 050 | 0 | 0 |
_aKQC572 _b.N43 1986 |
| 082 | 0 | 0 |
_a341.4/81/096 _219 |
| 100 | 1 | _aNeff, Steven. | |
| 245 | 1 | 0 |
_aHuman rights in Botswana, Lesotho, and Swaziland : _bimplications of adherence to international human rights treaties / _cby Steven Neff. |
| 260 |
_aRoma, Lesotho : _bHuman Rights Project, Institute of Southern African Studies, National University of Lesotho, _c1986. |
||
| 300 |
_aiii, 97 p. ; _c22 cm. |
||
| 336 |
_atext _btxt _2rdacontent |
||
| 337 |
_aunmediated _bn _2rdamedia |
||
| 338 |
_avolume _bnc _2rdacarrier |
||
| 440 | 0 |
_aISAS human and people's rights monograph ; _vno. 2 |
|
| 504 | _aIncludes bibliographical references (p. 86-97). | ||
| 650 | 0 |
_aHuman rights _zBotswana. |
|
| 650 | 0 |
_aHuman rights _zLesotho. |
|
| 650 | 0 |
_aHuman rights _zEswatini. |
|
| 650 | 0 |
_aHuman rights _zAfrica. |
|
| 650 | 0 | _aHuman rights. | |
| 922 | _aap | ||
| 991 |
_bc-LL _hLAW AFRICA 7 Neff 1986 _tCopy 1 _wBOOKS |
||
| 999 |
_c1599 _d1599 |
||